5c : More sound to say

Bibliographic Details
Main Author: Murray, W.
Corporate Author: Title
Other Authors: Wingfield, J.H
Format: Book
Published: London : Ladybird
Series:Key words with Ladybird
Subjects:

MARC

LEADER 00000cam a2200000 7i4500
001 0000005485
005 20220105104012.0
008 070806
020 |a 1844223949 
090 0 0 |a JP   |b EL ENG (4828) 
100 1 |a Murray, W. 
245 1 0 |a 5c :   |b More sound to say   |c Written by W. Murray; illustrated by J.H Wingfield 
260 |a London :   |b Ladybird 
440 0 |a Key words with Ladybird 
500 |a Children age 4-6 years old (yellow) 
650 0 |a Early learning 
650 0 |a Junior preschool   |x English   |x Languages 
700 1 |a Wingfield, J.H. 
710 0 |a Title 
999 |a 0000893781   |b Book   |c Children Collection   |e Cawangan Pontian 
999 |a 0000893784   |b Book   |c Children Collection   |e Cawangan Pontian 
999 |a 0000893786   |b Book   |c Children Collection   |e Cawangan Mersing 
999 |a 0000893788   |b Book   |c Children Collection   |e Cawangan Tmn. Ungku Tun Aminah 
999 |a 0000893789   |b Book   |c Children Collection   |e Cawangan Mersing 
999 |a 0000893790   |b Book   |c Children Collection   |e Cawangan Segamat 
999 |a 0000893791   |b Book   |c Children Collection   |e Cawangan Bandar Penawar 
999 |a 0000979808   |b Book   |c Children Collection   |e Perbadanan Perpustakaan Awam Johor 
999 |a 0000979809   |b Book   |c Children Collection   |e Cawangan Segamat 
999 |a 0000979810   |b Book   |c Children Collection   |e Perbadanan Perpustakaan Awam Johor 
999 |a 0000979811   |b Book   |c Children Collection   |e Perbadanan Perpustakaan Awam Johor 
999 |a 0000979812   |b Book   |c Children Collection   |e Perbadanan Perpustakaan Awam Johor